000 00526nam a22001937a 4500
999 _c7511
_d7511
003 OSt
005 20211122140628.0
008 211122b ||||| |||| 00| 0 eng d
020 _a0495105805
040 _cDDC
082 _24th.ed
_a551.46GAR2006
100 _aGarrison ,Tom
_912717
245 _aEssentials of Oceanography
_cGarrison, Tom
300 _axvi,368p;
_bill:col
_c23cm
440 _aEssentials of Oceanography
_915378
504 _aIncludes Appendix,Glossary&Index
650 _2Geography
942 _2ddc
_cO_SHELF